000 00758nas a22002177a 4500
001 K121158
007 ta
008 191106b2019 ||||| |||| 00| 0 eng d
041 _aeng
100 _aHudson, Polly
245 _aLocal Colour
260 _c2019
490 _aRICS Land Journal
_vOctober/November 2019, p26-27(2)
520 _aNew software platform aims to crowdsource and share expertise on London's stock.
650 _aOpen source software
650 _aBig data
650 _aSustainable buildings
651 _aUnited Kingdom
690 _96274
_aPropTech
856 _uhttps://web.archive.org/web/20230115145726/https://www.rics.org/globalassets/rics-website/media/news/journals/land/land-journal-oct-nov-2019.pdf
_zArchived on web archive
999 _c121158
_d121158